Southville International School and Colleges
Your cart is empty.
  • Cart
  • Lists
    Public lists Eva Luna New books Lux_list list_1
    Your lists Log in to create your own lists
  • Log in to your account
  • Your cookies
  • Search history
Southville International School and Colleges
  • Advanced search
  • Recent comments
  • Most popular
  • Libraries

Log in to your account

Log in with GOOGLE


If you do not have an external account, but do have a local account, you can still log in:

  1. Home
  2. MARC view: Pale kings and princess /
Normal view MARC view ISBD view

Pale kings and princess / (Record no. 11530)

[ view plain ]
MARC details
000 -LEADER
fixed length control field 00764cam a2200289 a 4500
001 - CONTROL NUMBER
control field 579119
003 - CONTROL NUMBER IDENTIFIER
control field LC
005 - DATE AND TIME OF LATEST TRANSACTION
control field 20160314140715.0
008 - FIXED-LENGTH DATA ELEMENTS--GENERAL INFORMATION
fixed length control field 870710s1987 nyu 000 1 eng
010 ## - LIBRARY OF CONGRESS CONTROL NUMBER
LC control number 86029125
020 ## - INTERNATIONAL STANDARD BOOK NUMBER
International Standard Book Number 0385295383
035 ## - SYSTEM CONTROL NUMBER
System control number (OCoLC)15737570
035 ## - SYSTEM CONTROL NUMBER
System control number (OCoLC)ocm15737570
035 ## - SYSTEM CONTROL NUMBER
System control number (CStRLIN)NYCG87-B58935
035 ## - SYSTEM CONTROL NUMBER
System control number (NNC)579119
040 ## - CATALOGING SOURCE
Modifying agency CtY
-- NNC
050 0# - LIBRARY OF CONGRESS CALL NUMBER
Classification number PS 3566 .A686
Item number .P238 1988
082 0# - DEWEY DECIMAL CLASSIFICATION NUMBER
Classification number FIC
Item number P22p 1987
090 ## - LOCALLY ASSIGNED LC-TYPE CALL NUMBER (OCLC); LOCAL CALL NUMBER (OCLC)
Classification number (OCLC) (R) ; Classification number, CALL (RLIN) (NR) PS3566.A686
Local cutter number (OCLC) ; Book number/undivided call number, CALL (RLIN) P3 1987
100 1# - MAIN ENTRY--PERSONAL NAME
Personal name Parker, Robert B.,
Dates associated with a name 1932-2010.
9 (RLIN) 20515
245 10 - TITLE STATEMENT
Title Pale kings and princess /
Statement of responsibility, etc Robert B. Parker.
260 ## - PUBLICATION, DISTRIBUTION, ETC. (IMPRINT)
Place of publication, distribution, etc New York :
Name of publisher, distributor, etc Delacorte Press,
Date of publication, distribution, etc 1988.
300 ## - PHYSICAL DESCRIPTION
Extent 256 p. :
Dimensions 18 cm.
942 ## - ADDED ENTRY ELEMENTS (KOHA)
Source of classification or shelving scheme Library of Congress Classification
Koha item type Books
Holdings
Withdrawn status Lost status Source of classification or shelving scheme Damaged status Home library Current library Shelving location Date acquired Source of acquisition Total Checkouts Full call number Barcode Date last seen Copy number Price effective from Koha item type
    Library of Congress Classification   Luxembourg Library Luxembourg Library Fiction Section 09/17/2013 Donation   PS 3566 .A686 .P238 1988 6847 02/04/2015 1 09/17/2013 Books

Pale kings and princess /

APA

Parker R. B., . (1988). Pale kings and princess. New York: Delacorte Press.

Chicago

Parker Robert B, . 1988. Pale kings and princess. New York: Delacorte Press.

Harvard

Parker R. B., . (1988). Pale kings and princess. New York: Delacorte Press.

MLA

Parker Robert B, . Pale kings and princess. New York: Delacorte Press. 1988.

  • Place hold
  • Print
  • Cite
  • Add to your cart (remove)
  • Save record
    BIBTEX Dublin Core MARCXML MARC (non-Unicode/MARC-8) MARC (Unicode/UTF-8) MARC (Unicode/UTF-8, Standard) MODS (XML) RIS
  • More searches
    Search for this title in:
    Other Libraries (WorldCat) Other Databases (Google Scholar) Online Stores (Bookfinder.com) Open Library (openlibrary.org)

Exporting to Dublin Core...

SOUTHVILLE LIBRARY

Southville International School and Colleges Library

1281 Tropical Ave. Cor. Luxembourg St., BF Homes International, Las Pinas City

Tel. No. 8256374 / 252358 Loc. 117/146

Powered by Koha